00723nam a2200229Ia 4500001001000000003000500010008004100015010001100056040000900067082001800076100003100094245012200125260005900247300001000306650002800316650001300344650002900357650002300386700002400409700002100433710003900454Para_2294CHAP220125s1995 xx 000 0 und d a200877 cCHAP aPA 635.986 D3 aDaughtrey, Margery L., ed. aCompendium of flowering potted plant diseases /c ed. by Margery L. Daughtrey, Robert L. Wick and Joseph L. Peterson aSt. Paul Minn. :b American Phytopathological Society a90 p. aFlores x enfermedades  aMacetas  aPropagación de plantas aSiembra en maceta  aPeterson, Joseph L. aWick, Robert L.  aAmerican Phytopathological Society